2022 West Coast Eagles AFL Team Quiz - Statistics

General Stats
  • This quiz has been taken 206 times
  • The average score is 22 of 46
Answer Stats
No. Player Name % Correct
1 Liam Ryan
92%
17 Josh Kennedy
91%
3 Andrew Gaff
89%
13 Luke Shuey
88%
4 Dom Sheed
85%
9 Nic Naitanui
85%
27 Jack Darling
82%
6 Elliot Yeo
78%
20 Jeremy McGovern
78%
37 Tom Barrass
76%
12 Oscar Allen
74%
25 Shannon Hurn
74%
44 Willie Rioli
74%
11 Tim Kelly
73%
2 Jake Waterman
72%
15 Jamie Cripps
71%
32 Bailey Williams
65%
34 Jack Williams
62%
14 Liam Duggan
62%
8 Jack Redden
55%
28 Tom Cole
48%
21 Jack Petruccelle
39%
42 Harry Edwards
37%
16 Luke Edwards
37%
49 Jai Culley
36%
31 Jamaine Jones
36%
18 Campbell Chesser
35%
10 Sam Petrevski-Seton
35%
5 Brad Sheppard
34%
35 Josh Rotham
34%
7 Zac Langdon
32%
19 Brady Hough
29%
30 Jackson Nelson
29%
36 Connor West
27%
40 Callum Jamieson
26%
33 Rhett Bazzo
26%
26 Zane Trew
21%
29 Luke Foley
20%
39 Greg Clark
18%
22 Isiah Winder
18%
43 Patrick Naish
15%
41 Hugh Dixon
11%
23 Alex Witherdon
8%
38 Tom Joyce
8%
24 Xavier O'Niell
8%
45 Luke Strnadica
7%
No matching quizzes found
Score Distribution
Percent of People with Each Score
Percentile by Number Answered
Your Score History
You have not taken this quiz